[Event "SVK-chT2B 2324"]
[Site "Slovakia"]
[Date "2023.10.08"]
[Round "2.4"]
[White "Jostic, Peter"]
[Black "Szakall, Alexander"]
[Result "1-0"]
[WhiteElo "2078"]
[BlackElo "1794"]
[PlyCount "51"]
[EventDate "2023.10.07"]
[EventType "team-tourn"]
[EventRounds "11"]
[EventCountry "SVK"]
[SourceTitle "EXT 2025"]
[Source "ChessBase"]
[SourceDate "2024.10.14"]
[SourceVersion "1"]
[SourceVersionDate "2024.10.14"]
[SourceQuality "1"]
[WhiteTeam "Trencin"]
[BlackTeam "Surany"]
[WhiteTeamCountry "SVK"]
[BlackTeamCountry "SVK"]

1. e4 d6 2. d4 Nf6 3. Nc3 g6 4. f4 c6 5. Be2 Bg7 6. g4 e5 7. f5 Nxg4 8. Bxg4 Qh4+ 9. Kf1 exd4 10. Nb1 h5 11. Bh3 b6 12. Qf3 0-0 13. Bf4 Qf6 14. Qg3 Ba6+ 15. Kg2 Qe7 16. Nd2 Be5 17. Ngf3 Nd7 18. Rhg1 Qf6 19. Kh1 Bxf4 20. Qxf4 Be2 21. Rg3 Ne5 22. Rag1 d3 23. Nxe5 dxe5 24. Qh6 Rfd8 25. Rxg6+ Qxg6 26. fxg6 1-0

[Event "SVK-chT2B 1819"]
[Site "Slovakia"]
[Date "2019.04.06"]
[Round "10.3"]
[White "Jostic, Peter"]
[Black "Balogh, Peter1"]
[Result "0-1"]
[WhiteElo "2077"]
[BlackElo "2068"]
[PlyCount "28"]
[EventDate "2018.10.13"]
[EventType "team-tourn"]
[EventRounds "11"]
[EventCountry "SVK"]
[SourceTitle "EXT 2020"]
[Source "ChessBase"]
[SourceDate "2019.10.17"]
[SourceVersion "1"]
[SourceVersionDate "2019.10.17"]
[SourceQuality "1"]
[WhiteTeam "Trencin"]
[BlackTeam "Komarno II"]
[WhiteTeamCountry "SVK"]
[BlackTeamCountry "SVK"]

1. e4 Nc6 2. d4 e5 3. Nf3 exd4 4. Bc4 Nf6 5. 0-0 Nxe4 6. Re1 d5 7. Bxd5 Qxd5 8. Nc3 Qa5 9. Rxe4+ Be6 10. Nxd4 0-0-0 11. Nce2 Bf5 12. Re3 Bxc2 13. Bd2 Bxd1 14. Bxa5 Nxd4 0-1

[Event "SVK-chT2B 1819"]
[Site "Slovakia"]
[Date "2018.10.14"]
[Round "2.2"]
[White "Skreno, Vladimir"]
[Black "Jostic, Peter"]
[Result "1-0"]
[WhiteElo "2160"]
[BlackElo "2085"]
[PlyCount "153"]
[EventDate "2018.10.13"]
[EventType "team-tourn"]
[EventRounds "11"]
[EventCountry "SVK"]
[SourceTitle "CBM 187 Extra"]
[Source "ChessBase"]
[SourceDate "2018.11.04"]
[SourceVersion "1"]
[SourceVersionDate "2018.11.04"]
[SourceQuality "1"]
[WhiteTeam "Tlmace"]
[BlackTeam "Trencin"]
[WhiteTeamCountry "SVK"]
[BlackTeamCountry "SVK"]

1. d4 Nf6 2. Nf3 g6 3. c4 Bg7 4. Nc3 d5 5. Bf4 0-0 6. e3 c5 7. Rc1 cxd4 8. Nxd4 Nc6 9. Nxc6 bxc6 10. Be5 Be6 11. Be2 dxc4 12. Qxd8 Rfxd8 13. Na4 Nd7 14. Bxg7 Kxg7 15. 0-0 Nb6 16. Nc5 Rd2 17. Nxe6+ fxe6 18. Bxc4 Nxc4 19. Rxc4 Rxb2 20. a3 Rc8 21. g3 e5 22. Rc5 Rb5 23. Rfc1 Rxc5 24. Rxc5 Kf6 25. Kf1 Ke6 26. Ke2 Kd6 27. Ra5 Rc7 28. Kd3 Rb7 29. h4 e6 30. Ke4 Rf7 31. f3 Rb7 32. g4 h6 33. Ra4 h5 34. gxh5 gxh5 35. Ra5 Rb2 36. Rxe5 Rb5 37. Rxb5 cxb5 38. Kd4 e5+ 39. Kc3 a5 40. Kb3 e4 41. f4 Ke6 42. Kc3 Kf5 43. Kd4 b4 44. axb4 axb4 45. Kc4 Kg4 46. Kxb4 Kxh4 47. Kc3 Kg4 48. Kd2 Kg3 49. f5 h4 50. f6 h3 51. f7 h2 52. f8Q h1Q 53. Qf4+ Kh3 54. Kc3 Qa1+ 55. Kc4 Qa4+ 56. Kd5 Qa8+ 57. Kd4 Qa4+ 58. Ke5 Qe8+ 59. Kf5 Qd7+ 60. Kxe4 Qc6+ 61. Kd3 Qd5+ 62. Qd4 Qb3+ 63. Ke4 Qe6+ 64. Qe5 Qc6+ 65. Kf4 Qc4+ 66. e4 Qf1+ 67. Kg5 Qc1+ 68. Qf4 Qg1+ 69. Kf5 Qc5+ 70. Kg6 Qc6+ 71. Kg5 Qc4 72. Qf5+ Kh2 73. e5 Qg8+ 74. Qg6 Qd8+ 75. Qf6 Qg8+ 76. Kh6 Qg3 77. e6 1-0

[Event "SVK-chT2B 1617"]
[Site "Slovakia"]
[Date "2016.11.06"]
[Round "4.2"]
[White "Jostic, Peter"]
[Black "Skreno, Vladimir"]
[Result "1-0"]
[WhiteElo "2072"]
[BlackElo "2209"]
[PlyCount "81"]
[EventDate "2016.10.08"]
[EventType "team-tourn"]
[EventRounds "11"]
[EventCountry "SVK"]
[SourceTitle "CBM 175 Extra"]
[Source "ChessBase"]
[SourceDate "2016.12.12"]
[SourceVersion "1"]
[SourceVersionDate "2016.12.12"]
[SourceQuality "1"]
[WhiteTeam "Trencin"]
[BlackTeam "Tlmace"]
[WhiteTeamCountry "SVK"]
[BlackTeamCountry "SVK"]

1. e4 c5 2. Nf3 Nc6 3. d4 cxd4 4. Nxd4 g6 5. Be3 Nf6 6. Nc3 Bg7 7. Bc4 0-0 8. Bb3 Ng4 9. Qxg4 Nxd4 10. Qd1 Nxb3 11. axb3 b6 12. Qd2 Bb7 13. h4 Qc7 14. h5 Rfc8 15. hxg6 hxg6 16. Bd4 f6 17. 0-0-0 Kf7 18. f4 Rh8 19. Rhf1 Bc6 20. g4 Rh4 21. Qe2 Rah8 22. e5 Qb7 23. f5 gxf5 24. exf6 exf6 25. Rxf5 Rh1 26. Bxf6 Rxd1+ 27. Nxd1 Bxf6 28. Qe5 Rh6 29. g5 Be4 30. Rxf6+ Rxf6 31. Qxf6+ Kg8 32. Nf2 d5 33. Ng4 Qg7 34. c4 Qd7 35. g6 Qg7 36. Qd8+ Qf8 37. Nf6+ Kg7 38. Qxf8+ Kxf8 39. Nxe4 dxe4 40. b4 Kg7 41. c5 1-0

[Event "SVK-chT2B 1617"]
[Site "Slovakia"]
[Date "2016.11.05"]
[Round "3.2"]
[White "Zatko, Gregor"]
[Black "Jostic, Peter"]
[Result "1/2-1/2"]
[WhiteElo "2188"]
[BlackElo "2072"]
[PlyCount "146"]
[EventDate "2016.10.08"]
[EventType "team-tourn"]
[EventRounds "11"]
[EventCountry "SVK"]
[SourceTitle "CBM 175 Extra"]
[Source "ChessBase"]
[SourceDate "2016.12.12"]
[SourceVersion "1"]
[SourceVersionDate "2016.12.12"]
[SourceQuality "1"]
[WhiteTeam "Levice"]
[BlackTeam "Trencin"]
[WhiteTeamCountry "SVK"]
[BlackTeamCountry "SVK"]

1. d4 e6 2. Bf4 c5 3. e3 cxd4 4. exd4 Qb6 5. b3 Nc6 6. Nf3 Nge7 7. c3 Nd5 8. Bg3 Be7 9. Bd3 d6 10. 0-0 0-0 11. Qc2 f5 12. Nbd2 Qd8 13. h3 Bd7 14. Nc4 Be8 15. Ne3 Ndb4 16. cxb4 Nxb4 17. Qd2 Nxd3 18. Qxd3 f4 19. Qe4 fxg3 20. Qxe6+ Bf7 21. Qe4 d5 22. Qg4 gxf2+ 23. Rxf2 Bf6 24. Nf5 Bg6 25. Re1 Bxf5 26. Qxf5 Bh4 27. Qe6+ Kh8 28. Nxh4 Rxf2 29. Ng6+ hxg6 30. Kxf2 Qh4+ 31. Kg1 Qxd4+ 32. Kh2 Kh7 33. Qd6 Rc8 34. Re7 Rc1 35. Qe5 Qxe5+ 36. Rxe5 Rd1 37. Re7 g5 38. Rxb7 Kg6 39. Rxa7 Kf5 40. Re7 Ra1 41. a4 Ra3 42. Rb7 Ke4 43. Kg3 d4 44. Re7+ Kd3 45. Kf3 Rxb3 46. Rxg7 Kc2+ 47. Ke4 d3 48. Rxg5 d2 49. Rd5 d1Q 50. Rxd1 Kxd1 51. a5 Rg3 52. Kd4 Ra3 53. g4 Ke2 54. Ke4 Ra4+ 55. Kf5 Kf3 56. g5 Rxa5+ 57. Kf6 Kf4 58. g6 Ra6+ 59. Kf7 Kf5 60. g7 Ra7+ 61. Kf8 Kf6 62. g8N+ Ke6 63. Nh6 Rh7 64. Ng8 Rxh3 65. Kg7 Rg3+ 66. Kf8 Rg6 67. Ne7 Rf6+ 68. Ke8 Rh6 69. Ng8 Rh7 70. Kf8 Ra7 71. Nh6 Rh7 72. Ng8 Rh8 73. Kg7 Rxg8+ 1/2-1/2

[Event "SVK-chT1W 1415"]
[Site "Slovakia"]
[Date "2014.11.30"]
[Round "4.4"]
[White "Kleman, Miroslav"]
[Black "Jostic, Peter"]
[Result "1-0"]
[WhiteElo "2231"]
[BlackElo "2075"]
[PlyCount "79"]
[EventDate "2014.10.18"]
[EventType "team-tourn"]
[EventRounds "11"]
[EventCountry "SVK"]
[SourceTitle "EXT 2016"]
[Source "ChessBase"]
[SourceDate "2015.10.08"]
[SourceVersion "1"]
[SourceVersionDate "2015.10.08"]
[SourceQuality "1"]
[WhiteTeam "Modra"]
[BlackTeam "Trencin SK"]
[WhiteTeamCountry "SVK"]
[BlackTeamCountry "SVK"]

1. e4 e5 2. f4 d5 3. exd5 exf4 4. Nf3 Nf6 5. Bc4 Bd6 6. Qe2+ Qe7 7. Qxe7+ Kxe7 8. 0-0 Re8 9. Nc3 a6 10. d4 Bf5 11. Bb3 Nbd7 12. Nh4 Bg4 13. Bxf4 Bxf4 14. Rxf4 g5 15. Nf5+ Kf8 16. Rf2 Rad8 17. Raf1 Bh5 18. Ng3 Bg6 19. Rxf6 Nxf6 20. Rxf6 Kg7 21. Rf1 b5 22. a3 h5 23. Nf5+ Kf8 24. h3 Rd7 25. Kh2 Rdd8 26. Kg3 h4+ 27. Kg4 f6 28. Nxh4 gxh4 29. Rxf6+ Kg7 30. Rxa6 Re3 31. Kxh4 Rf8 32. Re6 Rxe6 33. dxe6 Rf4+ 34. Kg3 Rxd4 35. Nxb5 Rd2 36. Nxc7 Kf6 37. Nd5+ Kxe6 38. Nf4+ Kf6 39. Nxg6 Kxg6 40. a4 1-0

[Event "SVK-chT2B 1314"]
[Site "Slovakia"]
[Date "2013.11.24"]
[Round "4.1"]
[White "Szegi, Tamas"]
[Black "Jostic, Peter"]
[Result "1/2-1/2"]
[WhiteElo "2233"]
[BlackElo "2062"]
[PlyCount "47"]
[EventDate "2013.10.19"]
[EventType "team-tourn"]
[EventRounds "11"]
[EventCountry "SVK"]
[SourceTitle "EXT 2015"]
[Source "ChessBase"]
[SourceDate "2014.11.20"]
[SourceVersion "1"]
[SourceVersionDate "2014.11.20"]
[SourceQuality "1"]
[WhiteTeam "Batorove Kosihy"]
[BlackTeam "Trencin II"]
[WhiteTeamCountry "SVK"]
[BlackTeamCountry "SVK"]

1. e4 c5 2. Nf3 d6 3. c3 Nf6 4. Be2 Nc6 5. d4 e6 6. Nbd2 Be7 7. 0-0 0-0 8. Re1 Qc7 9. Bf1 Rd8 10. h3 b6 11. Nb3 d5 12. e5 Ne4 13. Nbd2 Bb7 14. Bd3 cxd4 15. cxd4 Nb4 16. Bb1 Nxd2 17. Bxd2 Rac8 18. a3 Nc2 19. Bxc2 Qxc2 20. Qxc2 Rxc2 21. Bc3 Rc8 22. Re3 Ba6 23. Ne1 Re2 24. Rxe2 1/2-1/2

[Event "SVK-chT2B 1314"]
[Site "Slovakia"]
[Date "2013.10.20"]
[Round "2.2"]
[White "Bednar, Jan"]
[Black "Jostic, Peter"]
[Result "0-1"]
[WhiteElo "2185"]
[BlackElo "2062"]
[PlyCount "46"]
[EventDate "2013.10.19"]
[EventType "team-tourn"]
[EventRounds "11"]
[EventCountry "SVK"]
[SourceTitle "EXT 2015"]
[Source "ChessBase"]
[SourceDate "2014.11.20"]
[SourceVersion "1"]
[SourceVersionDate "2014.11.20"]
[SourceQuality "1"]
[WhiteTeam "Surany"]
[BlackTeam "Trencin II"]
[WhiteTeamCountry "SVK"]
[BlackTeamCountry "SVK"]

1. d4 Nf6 2. c4 g6 3. Nc3 d5 4. cxd5 Nxd5 5. e4 Nxc3 6. bxc3 c5 7. Bd3 Bg7 8. Qd2 0-0 9. Rb1 b6 10. Nf3 cxd4 11. cxd4 Nc6 12. Bb5 Bb7 13. h4 Na5 14. Bd3 Rc8 15. h5 Nc4 16. Bxc4 Rxc4 17. hxg6 Bxe4 18. gxh7+ Kh8 19. Rb4 Rc2 20. Qd1 Rxa2 21. Bh6 Bxh6 22. Rxh6 Qd5 23. Ne5 Qa5 0-1

[Event "SVK-chT3B2 1112"]
[Site "Slovakia"]
[Date "2011.11.27"]
[Round "3.2"]
[White "Jostic, Peter"]
[Black "Huliak, Pavol"]
[Result "1/2-1/2"]
[WhiteElo "2066"]
[BlackElo "2114"]
[PlyCount "156"]
[EventDate "2011.10.23"]
[EventType "team-tourn"]
[EventRounds "9"]
[EventCountry "SVK"]
[SourceTitle "EXT 2013"]
[Source "ChessBase"]
[SourceDate "2012.11.22"]
[SourceVersion "1"]
[SourceVersionDate "2012.11.22"]
[SourceQuality "1"]
[WhiteTeam "Trencin PK III"]
[BlackTeam "Bojnice Start SO"]
[WhiteTeamCountry "SVK"]
[BlackTeamCountry "SVK"]

1. d4 Nf6 2. c4 e6 3. Nc3 d5 4. Bf4 b6 5. e3 Bb7 6. Nf3 a6 7. Rc1 Bd6 8. Bg5 Nbd7 9. Bd3 dxc4 10. Bxc4 h6 11. Bh4 Be7 12. 0-0 0-0 13. Qe2 b5 14. Bd3 Ra7 15. Rfd1 Nb6 16. e4 Nh5 17. Bxe7 Qxe7 18. g3 Nf6 19. a3 Rd8 20. Rc2 Nfd7 21. b4 Nf8 22. Rdc1 Ba8 23. Nb1 Na4 24. Nbd2 c6 25. Nb3 Nd7 26. Na5 e5 27. Rxc6 exd4 28. Nxd4 Ne5 29. Nf5 Qf8 30. Bb1 Bxc6 31. f4 Rd2 32. Qe3 Rad7 33. fxe5 Rd1+ 34. Kg2 Rxc1 35. Qxc1 Ba8 36. Qf4 Nc3 37. Bc2 Qd8 38. Nd6 Qg5 39. Nb3 Qxf4 40. gxf4 Rc7 41. Nc5 a5 42. Kf2 axb4 43. axb4 Na2 44. Nxb5 Rc8 45. Nd6 Rc7 46. Nb5 Re7 47. Na6 Bb7 48. Nbc7 Nxb4 49. Nxb4 Rxc7 50. Bd3 Rc3 51. Ke2 Rb3 52. Nd5 Rb2+ 53. Ke3 Rxh2 54. f5 Kf8 55. Bb5 Rh5 56. Nf4 Rh1 57. Be2 Ra1 58. Bd3 Ba6 59. Bc2 Bb5 60. e6 Ra7 61. exf7 Kxf7 62. e5 Ke8 63. Ne6 Re7 64. Kf4 Rxe6 65. fxe6 Ke7 66. Bb3 Be8 67. Bc4 Bg6 68. Bd5 Bh7 69. Bc4 Bc2 70. Bd5 Bd3 71. Bb3 Be2 72. Bd5 g5+ 73. Kf5 Bd3+ 74. Kg4 Bg6 75. Bc4 Kd8 76. Bb5 Be8 77. Be2 Ke7 78. Kf5 Ba4 1/2-1/2

[Event "SVK-chT2B 0809"]
[Site "Slovakia"]
[Date "2009.01.31"]
[Round "8.7"]
[White "Jostic, Peter"]
[Black "Gyarmati, Tichomir"]
[Result "1/2-1/2"]
[WhiteElo "2032"]
[BlackElo "1985"]
[PlyCount "104"]
[EventDate "2008.10.11"]
[EventType "team-tourn"]
[EventRounds "11"]
[EventCountry "SVK"]
[SourceTitle "EXT 2010"]
[Source "ChessBase"]
[SourceDate "2010.11.25"]
[SourceVersion "1"]
[SourceVersionDate "2010.11.25"]
[SourceQuality "1"]
[WhiteTeam "Trencin SK II"]
[BlackTeam "Batorove Kosihy"]
[WhiteTeamCountry "SVK"]
[BlackTeamCountry "SVK"]

1. e4 c5 2. Nf3 Nc6 3. d4 cxd4 4. Nxd4 g6 5. Nc3 Bg7 6. Be3 d6 7. Qd2 Nf6 8. f3 Bd7 9. Bc4 a6 10. 0-0-0 Na5 11. Bb3 b5 12. g4 Nxb3+ 13. cxb3 Qc7 14. Kb1 Qb7 15. g5 Nh5 16. Rc1 Be6 17. Nce2 Bd7 18. Qa5 Rb8 19. Rc7 Qb6 20. Qxb6 Rxb6 21. Rhc1 Rb8 22. Ra7 Bh3 23. Nc6 Rc8 24. Nxe7 Rxc1+ 25. Kxc1 Bf1 26. Nd4 h6 27. h4 hxg5 28. hxg5 Ng3 29. Nd5 Rh1 30. Nc7+ Kf8 31. Nce6+ Kg8 32. Nxg7 Kxg7 33. Ne6+ Kg8 34. Ra8+ Kh7 35. Nf8+ Kg7 36. Bd4+ f6 37. Ne6+ Kf7 38. Nd8+ Ke8 39. Bxf6 Bg2+ 40. Kc2 Bxf3 41. Nb7+ Kd7 42. Rd8+ Kc7 43. Nxd6 Nxe4 44. Nxe4 Bxe4+ 45. Kc3 Ra1 46. a3 Rf1 47. Rd4 Rf3+ 48. Kb4 Bf5 49. Rd1 Rd3 50. Be5+ Kb6 51. Bd4+ Kb7 52. Rxd3 Bxd3 1/2-1/2